Landscape Enhancement At Interfaces Of Boundaries : Mayureshwar Wildlife Sanctuary Supe (Record no. 360961)

MARC details
000 -LEADER
fixed length control field 00318nam a2200097Ia 4500
008 - FIXED-LENGTH DATA ELEMENTS--GENERAL INFORMATION
fixed length control field 241105s9999 xx 000 0 und d
041 ## - LANGUAGE CODE
Language code of text/sound track or separate title eng
100 ## - MAIN ENTRY--PERSONAL NAME
Personal name Athavale Punav
9 (RLIN) 182670
245 ## - TITLE STATEMENT
Title Landscape Enhancement At Interfaces Of Boundaries : Mayureshwar Wildlife Sanctuary Supe
260 ## - PUBLICATION, DISTRIBUTION, ETC. (IMPRINT)
Name of publisher, distributor, etc. M Arch Landscape, Pune
Date of publication, distribution, etc. 2014

No items available.